000 00536nam a22001817a 4500
003 OSt
008 250224b |||||||| |||| 00| 0 eng d
020 _a9 780470 714591
041 _aeng
082 _a551.48'8
_bBEV/RA
100 _aBeven, Keith
_97251
245 _aRainfall - Runoff Modelling:
_bThe Primer
250 _a2nd
260 _aLondon, UK:
_bWiley Blackwell, John Wiley & Sons Ltd,
_c2012.
300 _a457p.
650 _a1. Runoff - Mathematical models 2. Rain and rainfall - Mathematical Models
_97252
942 _cBK
999 _c19450
_d19450